000 00523nam a22001697a 4500
005 20251108170754.0
008 250721s1993 xx 000 0 ara d
082 1 4 _a615.882/جوا
100 1 _aالجواهري، عبد الحسين
245 1 0 _aطب الإمام موسى الكاظم عليه السلام /
264 1 _aبيروت :
_bدار الكتاب الإسلامي،
_c1993.
300 _a101ص
650 1 7 _aطب الأعشاب
650 1 7 _aالطب الشعبي
942 _2ddc
_cBK
999 _c48623
_d48623